000 00554nam a2200229Ia 4500
003 OSt
005 20220918211938.0
006 a|||||r|||| 00| 0
007 ta
008 220917b |||||||| |||| 00| 0 eng d
024 _a126,344
037 _cTextual
040 _aARTS
_cARTS
_beng
041 _2eng
_aeng
082 _aW1v2:N3, K4
100 _aDoctor A H
245 0 _aAnarchist thought in India
260 _c1964
650 _aPOLITICAL SCIENCE
942 _hW1v2:N3, K4
_cTEXL
_2CC
999 _c249489
_d249489